|
|
|
|
| LEADER |
00993cam a22003011a 4500 |
| 001 |
000033368 |
| 003 |
9524 |
| 005 |
20241009162857.0 |
| 008 |
151016s2007 000 eng |
| 020 |
|
|
|a 9780072901191
|
| 040 |
|
|
|a lnn
|c lnn
|d lnn
|
| 041 |
|
|
|a eng
|
| 082 |
0 |
0 |
|a 512.9
|b CO-J
|
| 100 |
1 |
|
|a Coburn, John W.
|
| 245 |
1 |
0 |
|a College algebra /
|c John W. Coburn.
|
| 260 |
|
|
|a Boston :
|b McGraw-Hill Higher Education,
|c c2007.
|
| 300 |
|
|
|a xxxi, 845, [64] p. :
|b col. ill. ;
|c 27 cm.
|
| 500 |
|
|
|a Includes index.
|
| 650 |
|
0 |
|a Algebra
|v Textbooks.
|
| OWN |
|
|
|a LNN
|
| AVA |
|
|
|a UDN50
|b LNN
|c English
|d 512.9CO-J
|e available
|t Error 5001 Not defined in file expand_doc_bib_avail.
|f 1
|g 0
|h N
|i 0
|j AN
|k 1
|
| 999 |
|
|
|a From the UDN01
|
| AVA |
|
|
|a UDN50
|b LNN
|c English
|d 512.9CO-J
|e available
|t Error 5001 Not defined in file expand_doc_bib_avail.
|f 1
|g 0
|h N
|i 0
|j AN
|k 1
|
| TYP |
|
|
|a Monograph
|
| 980 |
|
|
|a Mạng thư viện Đại học Đà Nẵng
|